A tale of a tub ; (Record no. 122373)
[ view plain ]
| 000 -LEADER | |
|---|---|
| fixed length control field | 01236cam a2200361 a 4500 |
| 001 - CONTROL NUMBER | |
| control field | 6210877 |
| 003 - CONTROL NUMBER IDENTIFIER | |
| control field | ARRUPE |
| 005 - DATE AND TIME OF LATEST TRANSACTION | |
| control field | 20150414115653.0 |
| 008 - FIXED-LENGTH DATA ELEMENTS--GENERAL INFORMATION | |
| fixed length control field | 070601s2006 gw ab b 001 0 eng |
| 010 ## - LIBRARY OF CONGRESS CONTROL NUMBER | |
| LC control number | 2007451750 |
| 016 7# - NATIONAL BIBLIOGRAPHIC AGENCY CONTROL NUMBER | |
| Record control number | 982624387 |
| Source | DE-101 |
| 020 ## - INTERNATIONAL STANDARD BOOK NUMBER | |
| International Standard Book Number | 9783631546734 |
| 020 ## - INTERNATIONAL STANDARD BOOK NUMBER | |
| International Standard Book Number | 3631546734 |
| 020 ## - INTERNATIONAL STANDARD BOOK NUMBER | |
| International Standard Book Number | 0820498254 (US) |
| 020 ## - INTERNATIONAL STANDARD BOOK NUMBER | |
| International Standard Book Number | 9780820498256 (US) |
| 035 ## - SYSTEM CONTROL NUMBER | |
| System control number | (OCoLC)127107346 |
| 035 ## - SYSTEM CONTROL NUMBER | |
| System control number | (OCoLC)ocn127107346 |
| 035 ## - SYSTEM CONTROL NUMBER | |
| System control number | (NNC)6210877 |
| 040 ## - CATALOGING SOURCE | |
| Original cataloging agency | DLC |
| Language of cataloging | eng |
| Transcribing agency | DLC |
| Modifying agency | OHX |
| -- | BAKER |
| -- | GZQ |
| -- | BTCTA |
| -- | OCLCG |
| -- | OCLCQ |
| 050 00 - LIBRARY OF CONGRESS CALL NUMBER | |
| Classification number | PR3722 |
| Item number | .E44 2006 |
| 072 #7 - SUBJECT CATEGORY CODE | |
| Subject category code | PR |
| Source | lcco |
| 300 ## - PHYSICAL DESCRIPTION | |
| Other physical details | ill., map ; |
| Dimensions | 22 cm. |
| 100 1# - MAIN ENTRY--PERSONAL NAME | |
| Personal name | Swift, Jonathan, |
| Dates associated with a name | 1667-1745. |
| 9 (RLIN) | 16104 |
| 240 10 - UNIFORM TITLE | |
| Uniform title | <a href="Prose works.">Prose works.</a> |
| Form subheading | Selections |
| 245 12 - TITLE STATEMENT | |
| Title | A tale of a tub ; |
| Remainder of title | The battle of the books ; The mechanical operation of the spirit / |
| Statement of responsibility, etc | Jonathan Swift ; edited by Guthkelch, adolph Charles Louis and Smith, David Nichol. |
| 260 ## - PUBLICATION, DISTRIBUTION, ETC. (IMPRINT) | |
| Place of publication, distribution, etc | Oxford : |
| Name of publisher, distributor, etc | Claredon Press, |
| Date of publication, distribution, etc | 1958. |
| 300 ## - PHYSICAL DESCRIPTION | |
| Extent | lxxvii, 374p. : |
| 504 ## - BIBLIOGRAPHY, ETC. NOTE | |
| Bibliography, etc | Includes bibliographical references and index. |
| 700 1# - ADDED ENTRY--PERSONAL NAME | |
| Personal name | Guthketch, Adolph Charles Louis (ed.) |
| 9 (RLIN) | 16105 |
| 700 12 - ADDED ENTRY--PERSONAL NAME | |
| Personal name | Smith, David Nichol (ed.) |
| 9 (RLIN) | 16106 |
| 942 ## - ADDED ENTRY ELEMENTS (KOHA) | |
| Source of classification or shelving scheme | Library of Congress Classification |
| Koha item type | Monograph ( Printed materials) |
| 948 0# - LOCAL PROCESSING INFORMATION (OCLC); SERIES PART DESIGNATOR (RLIN) | |
| Series part designator, SPT (RLIN) | 20070614 |
| b (OCLC) | b |
| c (OCLC) | rad1 |
| d (OCLC) | MPS |
| Withdrawn status | Lost status | Source of classification or shelving scheme | Damaged status | Not for loan | Collection code | Home library | Current library | Shelving location | Date acquired | Total Checkouts | Full call number | Barcode | Date last seen | Price effective from | Koha item type |
|---|---|---|---|---|---|---|---|---|---|---|---|---|---|---|---|
| Library of Congress Classification | Main Collection | ARRUPE LIBRARY | ARRUPE LIBRARY | Main Collection | 10/03/2015 | PR3794 .T3 1958 | 46500002709 | 10/03/2015 | 10/03/2015 | Monograph ( Printed materials) |